| 000 | 00371ntaaa2200157 4500 | ||
|---|---|---|---|
| 003 | 01 | ||
| 005 | 20251027203158.0 | ||
| 008 | 0714s1973 ag 01 | ||
| 040 |
_aAR-BaBN _bspa _cAR-BaBN _eaacr _dRIC |
||
| 082 | _a100 F48 | ||
| 245 | _aAtlas universal de FilosofĂa | ||
| 250 | _a1 ed. | ||
| 260 |
_aBarcelona : _bOceano |
||
| 650 |
_aFILOSOFIA-MANUALES _933296 |
||
| 942 | _cBK | ||
| 999 |
_c27246 _d27246 |
||